| 000 | 00814cam a22002893a 4500 | ||
|---|---|---|---|
| 001 | 19469 | ||
| 003 | PGUSA | ||
| 005 | 20140828083419.0 | ||
| 008 | 061004s2006||||xxu|||||s|||||000 p eng d | ||
| 040 |
_aPGUSA _beng |
||
| 042 | _adc | ||
| 050 | 4 | _aPR | |
| 050 | 4 | _aPS | |
| 245 | 1 | 0 |
_aPoems Teachers Ask For, Book Two _h[electronic resource] / _cVarious |
| 260 |
_bProject Gutenberg, _c2006 |
||
| 506 | _aPublic domain in the USA. | ||
| 516 | _aElectronic text | ||
| 653 | _aChildren's poetry, American | ||
| 653 | _aChildren's poetry, English | ||
| 653 | _aEnglish poetry -- Collections | ||
| 653 | _aAmerican poetry -- Collections | ||
| 653 | _aAmerican poetry | ||
| 653 | _aEnglish poetry | ||
| 830 | 0 |
_aProject Gutenberg _v19469 |
|
| 856 | 4 | 0 | _uhttp://www.gutenberg.org/ebooks/19469 |
| 942 | _cEB | ||
| 999 |
_c248724 _d248724 |
||